Normal view
MARC view
- Supervisors Dr M.A.Khan Dr Umar Shahbaz
Entry Personal Name
001 - CONTROL NUMBER
- control field: 71474
003 - CONTROL NUMBER IDENTIFIER
- control field: NUST
005 - DATE AND TIME OF LATEST TRANSACTION
- control field: 20210628204636.0
008 - FIXED-LENGTH DATA ELEMENTS
- fixed length control field: 210628|| aca||aabn | a|a d
040 ## - CATALOGING SOURCE
- Original cataloging agency: NUST
- Transcribing agency: NUST
100 ## - HEADING--PERSONAL NAME
- Personal name: Supervisors Dr M.A.Khan Dr Umar Shahbaz
670 ## - SOURCE DATA FOUND
- Source citation: Work cat.: (NUST): HAMZA AKHTAR MUHAMMAD USAMA ALI HASNAIN 71472, PR-SOF-1782-DESIGN AND ANALYSIS OF SEMI STEWART PLATFORM AND SELF STABILIZING PLATFORM, 2019
